Datum a čas kvízu
22
Celkem bodů
Celkový počet nahraných bodů na tomto kvízu bez doplňovacích otázek.
9.
Pořadí na kvízu
Konečné umístění týmu na tomto kvízu.
Zaznamenané odpovědi
| # | Otázka | Odpověď | Body | Výsledky |
|---|---|---|---|---|
| 1. | Jedna státní instituce prostře... | Státní ústav pro kontrolu léčiv | 0 | |
| 2. | Po Jennifer Anistonové uvítal... | David Attenborough | 0 | |
| 3. | Ačkoli je tento formát celosvě... | Polda | 0 | |
| 4. | Známý pražský restaurační pivo... | Začal čepovat světlé pivo. | 0 | |
| 5. | Sotva skončila slavná Tour de... | Arkéa-Samsic | 0 | |
| 6. | Podle zdroje vody se rybníky d... | říční rybník | 0 | |
| 7. | Na obrázku vidíme dravou rybu,... | candát | 0 | |
| 8. | Jak se jmenuje červeně vyznače... | Svět | 1 | |
| 9. | Většina rybníků disponuje jist... | česle / česlice | 0 | |
| 10. | Dle návrhu Štěpánka Netolickéh... | Zlatá stoka | 0 |